| 000 | 01713nam a2200313 i 4500 | ||
|---|---|---|---|
| 003 | DO-SdBNP | ||
| 005 | 20230726094612.0 | ||
| 007 | ta | ||
| 008 | 211116b2020 dr a|||| |||| 00| 0 spa d | ||
| 020 | _a 9789945806878 | ||
| 040 |
_aDO-SdBNP _bspa _cBNPHU _erda |
||
| 082 | 4 | _222 | |
| 100 | 1 |
_aHernández Quezada, Porfirio, _97805 _eautor |
|
| 245 | 1 | 0 |
_aRaíces de buena vista / _cPorfirio Hernández Quezada, Víctor Escarramán H. ; prólogo, Juan Martínez Luque ; diagramación y diseño de portada, Amado Santana |
| 264 | 1 |
_aSanto Domingo : _bSoto Castillo, _c2020. |
|
| 300 |
_a204 páginas : _bilustraciones, retratos ; _c23 cm. |
||
| 336 |
_2rdacontent _atexto _btxt |
||
| 337 |
_2rdamedia _asin mediación _bn |
||
| 338 |
_2rdacarrier _avolumen _bnc |
||
| 500 | _aIncluye datos biográficos de los autores en las solapas. | ||
| 500 | _aIncluye referencias bibliográficas y notas al pie de las páginas. | ||
| 504 | _aBibliografía : p. 203-204 | ||
| 505 | 0 |
_aPresentación -- _tAgradecimientos -- _tAroma de pino -- _gCapítulo I. _tOrigen, historia, evolución -- _g Capítulo II. _tEvolución social -- _gCapítulo III. _tLa vivienda -- _g Capítulo IV. _tActividades religiosas -- _gCapítulo V. _tLa salud -- _gCapítulo VI. _tEvolución económica -- _gCapítulo VII. _tEl comercio en las décadas de los años cuarenta al sesenta -- _g Capítulo VIII. _tActividad económica y turística desde los años sesenta a la actualidad -- _g151.-- Capítulo IX. _tProfesionales nacidos en Buena Vista. |
|
| 590 | _aInventariado, 2021 /LP | ||
| 700 | 1 |
_aEscarramán Hernández, Victor, _980641 _eautor |
|
| 700 | 1 |
_aMartínez Luque, Juan, _eprólogo _973431 |
|
| 910 | _a Lopérez | ||
| 942 |
_2ddc _cLBS1 |
||
| 999 |
_c50977 _d50977 |
||